000
00254nam a22001217a 4500
003
SGT
082
_a
823
_b
MIT
100
_a
MITCHELL MARGARET
245
_a
GONE WITH THE WIND
260
_a
DELHI
_b
LEXICON PUB
_c
2012
300
_a
836
942
_2
ddc
_c
BK
999
_c
34009
_d
34009